Guatemala, linaje y racismo
Gorde:
| Egile nagusia: | |
|---|---|
| Formatua: | Liburua |
| Hizkuntza: | Spanish |
| Argitaratua: |
Guatemala
F&G
2007
|
| Edizioa: | 3. edición revisada, ampliada y actualizada |
| Gaiak: | |
| Etiketak: |
Etiketa erantsi
Etiketarik gabe, Izan zaitez lehena erregistro honi etiketa jartzen!
|
MARC
| LEADER | 00000cam a2200000 4500 | ||
|---|---|---|---|
| 001 | a4390068 | ||
| 005 | 20140604050740.0 | ||
| 008 | 081128s2007 gt a 001 0 spa | ||
| 020 | |a 9789992261538 | ||
| 040 | |a SpMaBN |b spa |c SpMaBN | ||
| 082 | |a 305.897.281 C336g3 | ||
| 100 | 1 | |a Casaús Arzú, Marta Elena | |
| 245 | 1 | 0 | |a Guatemala, linaje y racismo |c Marta Elena Casaús Arzú |
| 250 | |a 3. edición revisada, ampliada y actualizada | ||
| 260 | |a Guatemala |b F&G |c 2007 | ||
| 300 | |a 339 páginas, algunas plegables | ||
| 504 | |a Bibliografía: p. 291-316. Índice | ||
| 650 | 7 | |a ELITES |z GUATEMALA |v HISTORIA | |
| 650 | 7 | |a DISCRIMINACION RACIAL |z GUATEMALA | |
| 942 | |2 ddc |c BK | ||
| 956 | |a 2 | ||
| 999 | |c 3281 |d 3281 | ||



